| 000 | 00397nam a2200157 i 4500 | ||
|---|---|---|---|
| 001 | 93432 | ||
| 003 | ES-MaACL | ||
| 005 | 20230906181223.0 | ||
| 007 | t| | ||
| 008 | 050526s1908 fr ||||1| fre d | ||
| 100 | 1 |
_aGyp ( _d1849-1932) _961332 |
|
| 245 | 1 | 4 |
_aLes amoreux / _cGyp. |
| 260 |
_aParis : _b[s.n., _c1908] ( _fImp. Paul Dupont) |
||
| 300 |
_a270 p. ; _c19 cm. |
||
| 852 |
_aES-MaACL _jG-285 |
||
| 999 |
_c93432 _d93432 |
||